000 00653nam a2200253Ia 4500
003 OSt
005 20221005120750.0
006 a|||||r|||| 00| 0
007 ta
008 221004b |||||||| |||| 00| 0 eng d
024 _a67590
037 _cTextual
040 _aCRL
_cCRL
_beng
041 _2eng
_aeng
082 _aX9:Z2qN48, K0
110 _aIndia. Law (Ministry of )
245 0 _aFacatories act, 1948. (63 of 1948)
260 _c1960
490 _aAs modified up to 1st June; 1960
650 _aECONOMICS
700 _aIndia. Law (Ministry of )
942 _hX9:Z2qN48, K0
_cTEXL
_2cc
999 _c1039057
_d1039057